Návrh na zlepšenie využívania exaktných metód v manažérskom rozhodovaní v spoločnosti c2i s.r.o., Dunajská Streda

Uložené v:
Podrobná bibliografia
Hlavný autor: Janušová, Anna (Autor)
Ďalší autori: Hrablik Chovanová, Henrieta (Vedúci práce)
Médium: Rukopis Kniha
Jazyk:Slovak
Vydavateľské údaje: 2016
Predmet:
On-line prístup:http://is.stuba.sk/zp/portal_zp.pl?podrobnosti=121924
Tagy: Pridať tag
Žiadne tagy, Buďte prvý, kto otaguje tento záznam!

MARC

LEADER 00000ntm a22000003a 4500
001 stuzp54788
003 SK-STU
005 20231207124135.5
007 ta
008 150427s2015----xo-----f-mn---000-0-slo-d
040 |a STU  |b slo 
041 0 |a slo 
100 1 |a Janušová, Anna  |u 064000  |4 aut  |U MTF Materiálovotechnologická fakulta  |T MTF Ústav priemyselného inžinierstva a manažmentu  |X 45315  |U M4000  |Y 84  |7 45315 
242 0 1 |a The proposal on improvement of the use of exact methods in managerial decision making in the company c2i s.r.o., Dunajska Streda  |y eng 
245 1 0 |a Návrh na zlepšenie využívania exaktných metód v manažérskom rozhodovaní v spoločnosti c2i s.r.o., Dunajská Streda 
260 |c 2016 
650 4 |a optimalizačné metódy  |2 slo 
650 4 |a operačná analýza  |2 slo 
650 4 |a analýza kritickej cesty  |2 slo 
650 4 |a lineárne programovanie  |2 slo 
650 4 |a sieťová analýza  |2 slo 
650 4 |a optimization methods  |2 eng 
650 4 |a operations research  |2 eng 
650 4 |a network analysis  |2 eng 
650 4 |a critical path analysis  |2 eng 
650 4 |a linear programming  |2 eng 
700 1 |a Hrablik Chovanová, Henrieta  |u 064000  |k Z1  |4 ths  |U MTF Materiálovotechnologická fakulta  |T MTF Ústav priemyselného inžinierstva a manažmentu  |X 2766  |U M4000  |Y 84  |7 A000002766 
856 4 |u http://is.stuba.sk/zp/portal_zp.pl?podrobnosti=121924 
996 |c M* DP-12684  |l MMSKP  |s P  |a 0  |w stuzp54788_0001 
SQL |a stuzp54788  |b DDP  |c SLO  |d Návrh na zlepšenie využívania exaktných metód v manažérskom rozhodovaní v spoločnosti c2i s.r.o., Dunajská Streda  |e 45315  |f Janušová, Anna  |g 064000  |h 2766  |i Hrablik Chovanová, Henrieta  |j 20160601  |k 189  |l 06  |m http://is.stuba.sk/zp/portal_zp.pl?podrobnosti=121924  |n I-PMA  |o 5.2.52. priemyselné inžinierstvo